Every Landlocked Country - Statistics

General Stats
  • This quiz has been taken 36 times
    18 since last reset
  • The average score is 40 of 45
Answer Stats
% Correct
Chad
100%
Eswatini (Swaziland)
100%
Mongolia
100%
Andorra
93%
Armenia
93%
Austria
93%
Bhutan
93%
Bolivia
93%
Botswana
93%
Central African Republic
93%
Czech Republic
93%
Hungary
93%
Kazakhstan
93%
Kosovo
93%
Kyrgyzstan
93%
Lesotho
93%
Liechtenstein
93%
Luxembourg
93%
Mali
93%
Moldova
93%
Nepal
93%
Niger
93%
Paraguay
93%
Rwanda
93%
Serbia
93%
Slovakia
93%
South Sudan
93%
Switzerland
93%
Tajikistan
93%
Turkmenistan
93%
Uganda
93%
Uzbekistan
93%
Azerbaijan
86%
Belarus
86%
Burkina Faso
86%
San Marino
86%
Vatican City
86%
Afghanistan
79%
Burundi
79%
Ethiopia
79%
Laos
79%
North Macedonia
79%
Zambia
79%
Zimbabwe
79%
Malawi
71%
No matching quizzes found
Score Distribution
Percent of People with Each Score
Percentile by Number Answered
Your Score History
You have not taken this quiz since the last reset